| Tag |
First Indicator |
Second Indicator |
Subfields |
| LEADER |
00000cam a2200000 a 4500 |
| 001 |
in00000089427 |
| 005 |
20151008063442.0 |
| 008 |
800723s1980 caua 00010 engm |
| 010 |
|
|
|a 80081277
|
| 020 |
|
|
|a 0911852875
|
| 035 |
|
|
|a (OCoLC)06603261
|
| 035 |
|
|
|9 AAK2260AM
|
| 040 |
|
|
|a DLC
|c DLC
|d m.c.
|d TXA
|d UtOrBLW
|
| 043 |
|
|
|a n-us---
|a as-----
|
| 049 |
|
|
|a TXAM
|c [932943]
|
| 050 |
0 |
0 |
|a D790
|b .R825
|
| 082 |
0 |
|
|a 940.54/4973
|2 19
|
| 100 |
1 |
|
|a Rust, Kenn C.,
|d 1925-
|
| 245 |
1 |
0 |
|a Tenth Air Force story-- in World War II /
|c Kenn C. Rust.
|
| 264 |
|
1 |
|a Temple City, Calif. :
|b Historical Aviation Album,
|c [1980]
|
| 264 |
|
4 |
|c ©1980
|
| 300 |
|
|
|a 64 pages :
|b illustrations ;
|c 28 cm.
|
| 336 |
|
|
|a text
|b txt
|2 rdacontent
|
| 337 |
|
|
|a unmediated
|b n
|2 rdamedia
|
| 338 |
|
|
|a volume
|b nc
|2 rdacarrier
|
| 610 |
1 |
0 |
|a United States.
|b Air Force.
|b Air Force, 10th
|x History.
|
| 650 |
|
0 |
|a World War, 1939-1945
|x Aerial operations, American.
|
| 650 |
|
0 |
|a World War, 1939-1945
|x Campaigns
|z Southeast Asia.
|
| 999 |
|
|
|a MARS
|
| 999 |
f |
f |
|s 91a4ae6d-0e2f-3cc7-a166-4c09c48395ed
|i 137c4ab3-0865-3092-8004-bc9b63c1f437
|t 0
|
| 952 |
f |
f |
|p ric
|a Texas A&M University
|b Rellis Campus
|c Joint Library Facility
|d Remote Storage
|t 0
|e D790 .R825
|h Library of Congress classification
|i unmediated -- volume
|m A14806095458
|
| 998 |
f |
f |
|a D790 .R825
|t 0
|l Remote Storage
|